00549cam a2200169 a 4500008004100000010001700041020001500058050002000073100002300093245006100116250001200177260004000189300005300229504005100282650002300333700002300356020820s2003 maua bs 001 0 eng  a 2001133260 a061821417800aHG179 .G33 20031 aGarman, E. Thomas.10aPersonal finance /cE. Thomas Garman, Raymond E. Forgue. a7th ed. aBoston :bHoughton Mifflin,cc2003. axxxii, 566, [38] p. :bill. (some col) ;c26 cm. aIncludes bibliographical references and index. 0aFinance, Personal.1 aForgue, Raymond E.